| 000 | 00884nam a2200289 a 4500 | ||
|---|---|---|---|
| 001 | 66475 | ||
| 003 | BD-RjUL | ||
| 005 | 20211209081539.0 | ||
| 008 | 170316s1987 enka b 001 0 eng | ||
| 020 | _a0582647053 (pbk.) | ||
| 020 | _a047020916X (Wiley : pbk.) | ||
| 035 | _a(BD-RjUL)66605 | ||
| 040 |
_aDLC _cDLC _dBD-RjUL _beng |
||
| 041 | _aeng | ||
| 082 | 0 | 0 |
_a581 _223 _bBET 1987 |
| 100 | 1 |
_aBerrie, G. K. _9196741 |
|
| 245 | 1 | 0 |
_aTropical plant science / _cG.K. Berrie, A. Berrie and J.M.O. Eze. |
| 260 |
_aNew York : _bCopublished in the United States with J. Wiley & Sons, _c1987. |
||
| 300 |
_avi, 410 p. : _bill. ; _c24 cm. |
||
| 504 | _aIncludes bibliographies and index. | ||
| 650 | 0 |
_aBotany. _9196742 |
|
| 650 | 0 |
_aBotany _zTropics. _9196743 |
|
| 700 | 1 |
_aBerrie, A. _9196744 |
|
| 700 | 1 |
_aEze, J. M. O. _9196745 |
|
| 942 |
_2ddc _cBK |
||
| 999 |
_c66475 _d66475 |
||